000
00307nam a2200121Ia 4500
008
241028s9999 xx 000 0 und d
041
_a
eng
082
_a
332.4 WAR
100
_a
Warren, Micah
245
_a
Bitcoin: A Game-Theoretic Analysis
260
_b
De Gruyter
_a
Boston
_c
2023
300
_a
328;. P. 24 Cm
999
_c
42773
_d
42773